Word Ladder: A Christmas Story Story Quiz Stats

 Plays Quiz Updated Dec 17, 2017

Challenge
Share
Tweet
Embed
Score 0/75 Timer 07:00
0 Plays Today
Clue 4-Letter Word % Correct
❆ 'You'll shoot ____ eye out!'❆ YOUR
95.7%
Lemon flavorSOUR
90.2%
Strike with open handSLAP
87.9%
Connery or PennSEAN
86.6%
Pig foodSLOP
86.3%
Major US automakerFORD
85.5%
Small, green citrusLIME
84.9%
Some sweatshirts' head coveringHOOD
84.4%
Supermarket 'vehicle'CART
84.4%
Close a doorSHUT
83.9%
MarketSHOP
83.3%
TV series set in Korean WarM*A*S*H
82.9%
Human-like toy (e.g., Barbie)DOLL
82.5%
Intended destination of golf ballHOLE
82.5%
In a fire: stop, drop, and ____ROLL
82.4%
Plaster for setting broken boneCAST
82.4%
❆ Red Ryder air rifle: the ____ grail
of Christmas gifts❆
HOLY
82.3%
❆ What Flick stuck his tongue to❆ POLE
82%
❆ What Randy always plays with❆ FOOD
81.9%
Distinctive camel featureHUMP
81.8%
Crawford, Collins, or Jett, e.g.JOAN
80.6%
❆ 'What I ____ for Christmas'❆ WANT
79.7%
Tiny skin openingPORE
79.5%
❆ I triple dog-____ you!❆ DARE
79.4%
❆ Original book: 'In God We Trust,
All Others Pay ____'❆
CASH
79.3%
Start sled dogs' enginesMUSH
79%
Coal measure in a naughty stockingLUMP
78.7%
Bitter liver secretionBILE
78%
Crazy person or Canadian waterbirdLOON
77.4%
❆ Red Ryder 200-____ range model❆ SHOT
77%
With 'poly' a pill bugROLY
76.9%
❆ Movie based on book by
author ____ Shepherd❆
JEAN
76.6%
Unadulterated; 100%PURE
76.6%
❆ 'Be ____ to drink your Ovaltine'❆ SURE
76.6%
Racially motivated insult, slanderSLUR
76.5%
Char surfaceSEAR
76.5%
❆ What kids imagined causes blindness: ____ poisoning❆ SOAP
75.3%
One eighth of a gallonPINT
75%
Clue 4-Letter Word % Correct
Copenhagen residentDANE
75%
Glide on air currentsSOAR
74.9%
Breathe with short, quick breathsPANT
74.7%
Army installationFORT
74.6%
Printed statement of chargesBILL
73.8%
1993 movie, 'Benny & ____'JOON
73.7%
Bad, like a punny jokeLAME
73.6%
Colors smudged togetherBLUR
73.2%
❆ What stretched back to Terre Haute (waiting to see Santa)❆ LINE
72.9%
❆ THE MAJOR AWARD!❆ LAMP
72.1%
Diminish, decreaseWANE
72.1%
Squalid part of townSLUM
71.8%
Of a horse, to father offspringSIRE
70.2%
Choose, selectPICK
68.9%
❆ A ____ nightmare (in rabbit suit)❆ PINK
67.9%
Dejected; moroseGLUM
66.7%
Long stem of a climbing plantBINE
63.5%
❆ Nickname for the gun: Ol' ____BLUE
63.1%
❆ Toady Grover❆ DILL
62.7%
Fish bait localeHOOK
61.2%
Source of creative inspirationMUSE
60.2%
❆ Mother's magazine into which
Ralphie slips gun ad❆
LOOK
60.2%
❆ Get the ____. We're out of ____!❆ GLUE
60.1%
Twilight, nightfallDUSK
59.9%
❆ Chinese turkey❆ DUCK
59.6%
Fold under sheet cornersTUCK
58.6%
❆ What Ralphie was helping with when he said the really bad word❆ TIRE
58.3%
Greenish film on stagnant poolSCUM
56%
Weight of an unladen motor vehicleTARE
55.4%
❆ Imaginary villain: Black ____BART
54.7%
❆ What Randy looked like in his
snow suit (about to pop)❆
TICK
54.5%
❆ What the old man could replace quicker than a jackrabbit on a date❆ FUSE
53.5%
❆ Yellow-eyed bully Farkas❆ SCUT
52.7%
18th c. Scottish philosopher DavidHUME
51.7%
Be furious, enragedFUME
50.8%
❆ The rifle was found behind this❆ DESK
50.6%
Diamond used for cuttingBORT
47.3%

Today's Daily Dose

You're not logged in!

Compare scores with friends on all Sporcle quizzes.
Join for Free
OR
Log In

You Might Also Like...

Show Comments

Extras

Top Quizzes Today


Score Distribution

Your Account Isn't Verified!

In order to create a playlist on Sporcle, you need to verify the email address you used during registration. Go to your Sporcle Settings to finish the process.

Report this User

Report this user for behavior that violates our Community Guidelines.

Details: